Bahamas Bowl Winners - Statistics

General Stats
  • This quiz has been taken 3 times
  • The average score is 5 of 9
Answer Stats
Hint Answer % Correct
2019 Buffalo
100%
2025 Buffalo
100%
2017 Ohio
67%
2014 Western Kentucky
67%
2015 Western Michigan
67%
2018 FIU
33%
2016 Old Dominion
33%
2021 Middle Tennessee
0%
2022 UAB
0%
No matching quizzes found
Score Distribution
Percent of People with Each Score
Percentile by Number Answered
Your Score History
You have not taken this quiz